000 00557nam a2200253Ia 4500
003 OSt
005 20220912152443.0
006 a|||||r|||| 00| 0
007 ta
008 220909b |||||||| |||| 00| 0 eng d
024 _a46651
037 _cTextual
040 _aCSL
_beng
_cCSL
041 _aeng
082 _aG9B, J3
100 _aBarth L G
245 0 _aEmbryology
260 _c1953
300 _ap.
_ccm.
650 _a Embryology
650 _aBiology
942 _hG9B, J3
_cTEXL
_2CC
999 _c86374
_d86374